00325pab a2200133 454500008004000000100001600040245004300056260000900099300001300108362000800121650002700129650001900156773001600175180718b2002 xxu||||| |||| 00| 0 eng d aGupta, V.P. aFinances of state governments in India c2002 ap.25-48. aJan aPublic finance - India aPublic finance aPrashasnika